000 00850nam a2200205 a 4500
001 000036663
005 20200930075848.0
008 120124s1989 es 000 0 spa d
040 _aDO-SdBNP
_bspa
_cBNPHU
240 1 0 _aCombatting cardiovascular diseases skillfully.
_lEspañol
245 0 0 _aTrastornos cardiovasculares /
_cSally A. Bowers... [et al.] ; traducción de la 2ª ed. en inglés, José María Vila Planas ; revisión de la edición española, Margarita Peya Gascons, Montserrat Busquets Surribas.
260 _aBarcelona :
_bDoyma,
_c1989.
300 _a192 p. ;
_c24 cm.
490 1 _aAtención integral en enfermería
500 _aIncluye índice
504 _aBibliografía : p. 186
700 1 2 _aBowers, Sally A.
_962940
700 1 2 _aVila Planas, José María,
_etr.
_962941
830 0 _aAtención integral en enfermería
_962529
999 _c36154
_d36154